000 00614cam a22002053a 4500
001 34857
003 PGUSA
005 20140828083743.0
008 110105s2011||||xxu|||||s|||||000 | eng d
040 _aPGUSA
_beng
042 _adc
100 1 _aPost, Waldron Kintzing,
_d1868-1955
245 1 0 _aHarvard Stories :
_bSketches of the Undergraduate
_h[electronic resource] /
_cWaldron Kintzing Post
260 _bProject Gutenberg,
_c2011
506 _aPublic domain in the USA.
516 _aElectronic text
830 0 _aProject Gutenberg
_v34857
856 4 0 _uhttp://www.gutenberg.org/ebooks/34857
942 _cEB
999 _c264112
_d264112